000 01912nam a2200361 i 4500
001 184323
003 ES-MaACL
005 20250804063443.0
008 150619s2003 sp abc |||| | spa d
020 _a84-9781-018-X
080 _a354.71(460).075.5(091)
080 _a017.42(460.27 M.)
080 _a016:912(460):551.46
100 1 _aMartín Merás, Luisa
_ecoor
_eaut
_9179098
245 1 3 _aLa Dirección de Trabajos Hidrográficos (1797-1908) /
_cedición y coordinación, Luisa Martín-Merás ; autores, Francisco José González, Luisa Martín-Merás, José María Cano Trigo
260 _a[Madrid] :
_bMinisterio de Defensa, Secretaría General Técnica :
_bMinisterio de Fomento, Centro Nacional de Información Geográfica :
_bLunwerg,
_c[2003]
300 _a2 volúmenes (252 ; 424 páginas) :
_bilustraciones, mapas ;
_c30 cm
500 _aÍndices
504 _aBibliografía, v. 1: páginas 234-236
505 0 _aVol. 1. Historia de la cartografía náutica en la España del siglo XIX / Francisco José González, Luisa Martín-Merás - v. 2. Catálogo de las cartas náuticas publicadas / José María Cano Trigo
610 1 7 _aEspaña.
_bDirección de Hidrografía-
_vHistoria
_9157084
650 0 4 _aCartas naúticas.
_910799
650 4 _aCartografía-
_zEspaña-
_vHistoria.
_9157087
700 1 _aGonzález González, Francisco José,
_d1960-
_eaut
_958681
700 1 _aCano Trigo, José María
_eaut
_9157085
710 1 _aEspaña.
_bMinisterio de Defensa.
_bSecretaría General Técnica
_eedt
_9238621
710 0 _aEspaña.
_bMinisterio de Fomento
_eedt
_93868
852 _aES-MaACL
_bR.150296
_cDEPO1
_dN-6455
_hDonación Ministerio de Defensa
_jA-13455
_pv. 1
_9191319
852 _aES-MaACL
_bR.150296
_cDEPO1
_dN-6456
_hDonación Ministerio de Defensa
_jA-13456
_pv. 2
_9200856
942 _2udc
_cMONOGRAFIA
_n0
999 _c184323
_d184323